| 000 | 00377nam a2200145Ia 4500 | ||
|---|---|---|---|
| 008 | 230312s9999||||xx |||||||||||||| ||und|| | ||
| 020 | _a0-07-160393-5 | ||
| 082 |
_a612 _bSHA-A |
||
| 100 | _aShargel;Leon | ||
| 245 | 0 | _aApplied Biopharmaceutics & Pharmacokinetics | |
| 260 |
_bMcGraw Hill _aIndia _c2012 |
||
| 300 | _a811 | ||
| 650 |
_aPharmacy _vBiopharmaceutics |
||
| 942 | _cBK | ||
| 999 |
_c10990 _d10990 |
||